BeFoUr Lyrics (ZAYN) - Statistics

General Stats
  • This quiz has been taken 64 times
  • The average score is 306 of 348
Answer Stats
Lyrics % Correct
I
100%
be
98%
a
95%
I’ve
95%
like
95%
my
95%
no
95%
No
95%
Not
95%
not
95%
Now,
95%
now
95%
say
95%
say,
95%
So
95%
so
95%
the
95%
this
95%
this,
95%
to
95%
To
95%
wanna
95%
what
95%
you
95%
before
93%
done
93%
don’t
93%
me
93%
on
93%
want
93%
got
91%
gotta
91%
in
91%
it
91%
can’t
89%
Can’t
89%
I’m
89%
that
89%
get
86%
is
86%
Just
86%
right
86%
your
86%
all
84%
drunk
84%
face
84%
of
84%
fire
82%
drink
80%
give
80%
living
80%
roof,
80%
set
80%
feel
77%
If
77%
if
77%
proof,
77%
for
75%
I’ll
75%
something
75%
take
75%
wire
75%
won’t
75%
gonna
73%
move
70%
there’s
70%
funk
68%
Into
68%
stay
68%
tired
68%
zone
68%
bone
66%
Shame
66%
Time
66%
wrongs
66%
And
64%
bothered
64%
have
64%
picking
64%
Flashing
61%
lights,
61%
blood
57%
Heart
57%
hours
57%
many
57%
more,
57%
beats
55%
pardon
55%
pull
55%
pump
55%
speak
55%
cheek
52%
fight
52%
gone
52%
songs,
52%
strings
50%
chords
48%
You’ve
48%
Numb
43%
tune
43%
tounge
18%
No matching quizzes found
Score Distribution
Percent of People with Each Score
Percentile by Number Answered
Your Score History
You have not taken this quiz